| 000 | 01668nam a22001457a 4500 | ||
|---|---|---|---|
| 005 | 20210414113912.0 | ||
| 008 | 120126t xxu||||| |||| 00| 0 eng d | ||
| 050 | _aHC59.K675 | ||
| 100 |
_aKrause, Lawrence B. _cEditor |
||
| 245 |
_aProceeding of ninth pacific trade and development counternence: minerals resource in the pacific _cLawrence B. Krause and Hugh Patrick |
||
| 260 |
_aSan Francisco: _bBank of San Francisco, _c1978. |
||
| 300 |
_a710 p.: _bill.; _c22cm. |
||
| 505 | _aContents: Introduction -- The Economics and politics of natural resources: The Raw material product cycle -- Mineral trade and investment patterns in the pacific area -- Resource trade and the development process in developing countries -- Ocean mining in the Pacific Basin: Stimuli and response -- National case studies in natural resource problems: Australia's minrals productions and trade: Case study of a resource-rich developed country -- Options for a resource-poor developed country- Japan -- Issues in the development of resource-rich LDCs: Copper in Chile -- Natural resource problems in a resource- poor developing country: The Korean case -- Political economy of mineral resource: Policy alternatives: Comodity trade from a North- South perspective -- Japan's resource security and foreign investment in the Pacific: A Case study of bilateral devices between advanced countries -- The Wider context of bilateral resource exploitation arrangements between the LDC's and the DCs -- International comodity control: The Tin experience -- An organization for pacific trade, Aid and development: Regional arrangements and the resource trade -- Statistical Appendix. | ||
| 942 |
_2lcc _cBK |
||
| 999 |
_c496 _d7996 |
||